000 01010nam a22003137a 4500
003 CHAP
005 20250806101349.0
008 100415s2006 us a r 00010 spa d
010 _a98145
011 _a99117
020 _a9870387251455
035 _a109802
040 _cCHAP
082 0 4 _a519.5
_bW28
100 1 _aWasserman, Larry
_9121139
245 1 0 _aAll of nonparametric statistics
_c/by Larry Wasserman
260 _aNew York, NY :
_bSpringer,
_cc2006
300 _axxi, 268 p. :
_bilus.
490 0 _aSpringer texts in statistics
590 _aBATCH-UPD
_b10
_c20130110
_lUCH01
_h1306
590 _aBATCH-UPD
_b10
_c20130410
_lUCH01
_h0822
590 _aBATCH-UPD
_b10
_c20130914
_lUCH01
_h1325
590 _aCONVERSION
_b10
_c20130109
_lUCH01
_h1354
650 1 4 _aEstadística noparamétrica.
_938263
830 0 _aSpringer texts in statistics (Springer)
_9109297
901 _aBK
942 _cLIBRO
949 _a519.5 W28
_bBC
_cLIBRO
_d33724002169090
_eLIBRO
_gI.249754
_h112298
_i109802
_si
_t$1,260.83
999 _c98145
_d98145